000 00429nam a2200181Ia 4500
005 20230622114508.0
008 131103s9999 xx 000 0 und d
040 _aLoreto College
041 _aEnglish
082 _aF
_bBAG
100 _aBagley,D.
245 _aLandslide
_cD.Bagley
260 _aLondon
_bCollins/Fontana Books
_c1967
300 _a253 p.
650 _aFiction in English
850 _aLCLIB
942 _cBK
999 _c16211
_d66690